[Event "GBR-ch87"]
[Site "Millfield"]
[Date "2000.07.31"]
[Round "1.1"]
[White "Mahesh Chandran, Panjanathan"]
[Black "Hodgson, Julian"]
[Result "1/2-1/2"]
[WhiteElo "2238"]
[BlackElo "2640"]
[PlyCount "97"]
[EventDate "2000.07.31"]
[EventType "swiss"]
[EventRounds "11"]
[EventCountry "GBR"]
[SourceTitle "BritBase"]
[SourceDate "2008.07.14"]
[SourceVersion "1"]
[SourceVersionDate "2008.07.14"]
[SourceQuality "2"]

1. e4 c5 2. Nf3 d6 3. d4 cxd4 4. Nxd4 Nf6 5. Nc3 a6 6. f4 Qc7 7. Nf3 Bg4 8. Bd3
g6 9. O-O Bg7 10. Qe1 Nbd7 11. Kh1 Bxf3 12. Rxf3 e6 13. Be3 Ng4 14. Bg1 O-O 15.
Qh4 h5 16. h3 Ngf6 17. Bd4 Qd8 18. Qf2 Ne8 19. Rd1 Bxd4 20. Qxd4 Qb6 21. Qxb6
Nxb6 22. f5 Rc8 23. fxg6 fxg6 24. Rg3 Nd7 25. Rxg6+ Ng7 26. Be2 Ne5 27. Rh6 Rc6
28. Kg1 Rb6 29. Rb1 Rc8 30. Nd1 Rxc2 31. Bxh5 Nxh5 32. Rxh5 Rb4 33. Rh4 Re2 34.
Rh6 Re1+ 35. Kh2 Rd4 36. Nc3 Rxb1 37. Nxb1 Rxe4 38. Nc3 Re3 39. Rh4 d5 40. Rb4
b5 41. a4 bxa4 42. Rxa4 Nc4 43. Rxa6 Nxb2 44. Nb5 e5 45. Rd6 Rd3 46. Rd7 Na4
47. Nc7 Nc3 48. Ne8 e4 49. Nf6+ 1/2-1/2

[Event "GBR-ch87"]
[Site "Millfield"]
[Date "2000.07.31"]
[Round "1.4"]
[White "Emms, John"]
[Black "Simons, Martin"]
[Result "1-0"]
[WhiteElo "2527"]
[BlackElo "2226"]
[PlyCount "115"]
[EventDate "2000.07.31"]
[EventType "swiss"]
[EventRounds "11"]
[EventCountry "GBR"]
[SourceTitle "BritBase"]
[SourceDate "2008.07.14"]
[SourceVersion "1"]
[SourceVersionDate "2008.07.14"]
[SourceQuality "2"]

1. e4 d5 2. exd5 Nf6 3. Nf3 Nxd5 4. d4 g6 5. c4 Nb6 6. Nc3 Bg7 7. c5 Nd5 8. Bc4
c6 9. O-O O-O 10. Re1 b6 11. cxb6 axb6 12. Bg5 Be6 13. Qd2 Nc7 14. Bxe6 Nxe6
15. Bh6 Nxd4 16. Nxd4 Bxh6 17. Qxh6 Qxd4 18. Rxe7 Na6 19. Rd1 Qf6 20. Red7 Rfe8
21. g3 Nc5 22. R7d6 Qf3 23. a3 Ne4 24. Nxe4 Rxe4 25. Rd8+ Re8 26. R8d3 Re1+ 27.
Rxe1 Qxd3 28. Qf4 Qd7 29. h4 h5 30. Qe5 Rd8 31. b4 Qd6 32. Qe3 c5 33. bxc5 Qxc5
34. Qxc5 bxc5 35. a4 Ra8 36. Re4 Rb8 37. Kf1 Rb2 38. Re2 Rb1+ 39. Re1 Rb7 40.
a5 Ra7 41. Ra1 Kf8 42. Ke2 Ke7 43. Kd3 Kd6 44. Kc4 Kc6 45. a6 Kb6 46. f3 Kc6
47. g4 Kb6 48. g5 Kc6 49. f4 Kb6 50. Ra2 Kc6 51. f5 gxf5 52. Ra5 Kb6 53. Rxc5
Rxa6 54. Rxf5 Ra4+ 55. Kd5 Rxh4 56. Ke5 Rg4 57. Kf6 h4 58. Kxf7 1-0

[Event "GBR-ch87"]
[Site "Millfield"]
[Date "2000.07.31"]
[Round "1.5"]
[White "Lilley, Graham"]
[Black "Chandler, Murray G"]
[Result "0-1"]
[WhiteElo "2224"]
[BlackElo "2526"]
[PlyCount "58"]
[EventDate "2000.07.31"]
[EventType "swiss"]
[EventRounds "11"]
[EventCountry "GBR"]
[SourceTitle "BritBase"]
[SourceDate "2008.07.14"]
[SourceVersion "1"]
[SourceVersionDate "2008.07.14"]
[SourceQuality "2"]

1. d4 Nf6 2. c4 e6 3. Nc3 Bb4 4. Bd2 O-O 5. Nf3 d5 6. e3 b6 7. Be2 Bb7 8. O-O
Bd6 9. cxd5 exd5 10. Ne5 c5 11. f4 Nc6 12. Bb5 Rc8 13. Qa4 Qc7 14. Kh1 Ne7 15.
Rac1 c4 16. Qd1 a6 17. Ba4 b5 18. Bc2 Ne4 19. Nxe4 dxe4 20. Qe1 Nf5 21. g4 Nxd4
22. exd4 e3+ 23. Nf3 exd2 24. Qxd2 Bxf4 25. Qg2 Bxc1 26. Rxc1 Rce8 27. Kg1 Qf4
28. Rf1 g6 29. Ne5 Qxd4+ 0-1

[Event "GBR-ch87"]
[Site "Millfield"]
[Date "2000.07.31"]
[Round "1.6"]
[White "Lalic, Bogdan"]
[Black "Hempson, Peter"]
[Result "1-0"]
[WhiteElo "2520"]
[BlackElo "2219"]
[PlyCount "97"]
[EventDate "2000.07.31"]
[EventType "swiss"]
[EventRounds "11"]
[EventCountry "GBR"]
[SourceTitle "BritBase"]
[SourceDate "2008.07.14"]
[SourceVersion "1"]
[SourceVersionDate "2008.07.14"]
[SourceQuality "2"]

1. d4 e6 2. c4 f5 3. g3 Nf6 4. Bg2 d5 5. Nh3 c6 6. Qc2 Bb4+ 7. Nd2 Ne4 8. O-O
Nxd2 9. Bxd2 Bxd2 10. Qxd2 Nd7 11. Qe3 Qe7 12. Nf4 Nf6 13. Rac1 Ng4 14. Qc3 O-O
15. b4 Bd7 16. b5 g5 17. bxc6 bxc6 18. Nd3 Rac8 19. e3 Qg7 20. Rc2 Qh6 21. h3
Nf6 22. Ne5 Rcd8 23. f4 Be8 24. Qa5 Bh5 25. Qc7 gxf4 26. Rxf4 dxc4 27. Qxc6
Rfe8 28. Qxc4 Nd5 29. Bxd5 Rxd5 30. Kh2 Qg7 31. Rxf5 Bg6 32. Rg5 Qf6 33. h4 Kh8
34. Nxg6+ hxg6 35. Qc6 Qf7 36. Qc7 Re7 37. Qf4 Rf5 38. Rxf5 exf5 39. Qh6+ Kg8
40. d5 Qe8 41. Rc6 Rg7 42. Qf4 Qd8 43. Qe5 Qa5 44. Qe8+ Kh7 45. Rc8 Qd2+ 46.
Kh3 Kh6 47. Qh8+ Rh7 48. Qf8+ Kh5 49. Rc7 1-0

[Event "GBR-ch87"]
[Site "Millfield"]
[Date "2000.07.31"]
[Round "1.8"]
[White "Wells, Peter"]
[Black "Willmoth, Robert"]
[Result "1-0"]
[WhiteElo "2506"]
[BlackElo "2211"]
[PlyCount "51"]
[EventDate "2000.07.31"]
[EventType "swiss"]
[EventRounds "11"]
[EventCountry "GBR"]
[SourceTitle "BritBase"]
[SourceDate "2008.07.14"]
[SourceVersion "1"]
[SourceVersionDate "2008.07.14"]
[SourceQuality "2"]

1. d4 d6 2. Nf3 Bg4 3. c4 Nd7 4. Nc3 e5 5. g3 Be7 6. Bg2 c6 7. O-O h6 8. Be3
Bh5 9. Qb3 Qc7 10. c5 dxc5 11. dxe5 Bxf3 12. exf3 Nxe5 13. Bf4 O-O-O 14. Rfe1
f6 15. Rad1 Kb8 16. Qe6 Ka8 17. Rxd8+ Qxd8 18. Rd1 Qc7 19. Bxe5 Qxe5 20. Qf7 f5
21. f4 Qb8 22. Rd7 Qc8 23. Qe6 Bf6 24. Bxc6 bxc6 25. Rxa7+ Kb8 26. Ra8+ 1-0

[Event "GBR-ch87"]
[Site "Millfield"]
[Date "2000.07.31"]
[Round "1.10"]
[White "Gormally, Daniel W"]
[Black "Briggs, Philip"]
[Result "1-0"]
[WhiteElo "2499"]
[BlackElo "2200"]
[PlyCount "77"]
[EventDate "2000.07.31"]
[EventType "swiss"]
[EventRounds "11"]
[EventCountry "GBR"]
[SourceTitle "BritBase"]
[SourceDate "2008.07.14"]
[SourceVersion "1"]
[SourceVersionDate "2008.07.14"]
[SourceQuality "2"]

1. d4 Nf6 2. Nf3 c6 3. c4 d5 4. Nc3 g6 5. Bg5 Bg7 6. e3 O-O 7. Qb3 Ne4 8. Bh4
dxc4 9. Bxc4 Nd6 10. Be2 Be6 11. Qc2 Nd7 12. O-O Nf5 13. Bg5 Nb6 14. Rad1 h6
15. Bf4 Nd5 16. Be5 Nfxe3 17. fxe3 Nxe3 18. Qe4 Nxd1 19. Rxd1 Qb6 20. Bxg7 Kxg7
21. Qe5+ Kh7 22. b3 Rad8 23. h4 Qb4 24. Qe3 Bf5 25. h5 gxh5 26. Bd3 Bxd3 27.
Qxd3+ f5 28. Re1 Rf6 29. Re5 e6 30. Ne2 Qa3 31. Qe3 Re8 32. Nf4 Qxa2 33. Nxe6
Rg8 34. Nf4 Rf7 35. Kh2 Rfg7 36. Nh4 Qc2 37. Re6 a5 38. Qh3 Rg5 39. Qf3 1-0

[Event "GBR-ch87"]
[Site "Millfield"]
[Date "2000.07.31"]
[Round "1.12"]
[White "Arkell, Keith"]
[Black "Rudd, Jack"]
[Result "1-0"]
[WhiteElo "2481"]
[BlackElo "2176"]
[PlyCount "107"]
[EventDate "2000.07.31"]
[EventType "swiss"]
[EventRounds "11"]
[EventCountry "GBR"]
[SourceTitle "BritBase"]
[SourceDate "2008.07.14"]
[SourceVersion "1"]
[SourceVersionDate "2008.07.14"]
[SourceQuality "2"]

1. d4 Nf6 2. Nf3 c5 3. d5 e6 4. c4 exd5 5. cxd5 d6 6. Nc3 g6 7. g3 Bg7 8. Bg2
O-O 9. O-O Re8 10. Nd2 Nbd7 11. Nc4 Ne5 12. Nxe5 Rxe5 13. Bf4 Re7 14. Qc2 a6
15. a4 b6 16. Rab1 Qc7 17. Rfc1 Nh5 18. Bg5 Re5 19. Bd2 Bg4 20. e3 Nf6 21. h3
Bd7 22. b4 c4 23. b5 Qc5 24. e4 Rh5 25. Be3 Qc8 26. h4 Ng4 27. Bxb6 Ne5 28. Ne2
Nd3 29. Rd1 axb5 30. axb5 Bh3 31. Rxd3 Bxg2 32. Kxg2 cxd3 33. Qxd3 Ra2 34. Be3
Be5 35. Bg5 h6 36. b6 Qb7 37. Bd8 Ra8 38. Bc7 f5 39. Nd4 f4 40. gxf4 Bxf4 41.
Qh3 Re8 42. Qg4 Bg5 43. Nf3 Re7 44. hxg5 hxg5 45. Bxd6 Rd7 46. Qe6+ Kh7 47. Ne5
Rg7 48. Ng4 Rh4 49. Nf6+ Kh6 50. Qe8 Rh7 51. Qf8+ Qg7 52. Ne8 Qxf8 53. Bxf8+
Kh5 54. Nf6# 1-0

[Event "GBR-ch87"]
[Site "Millfield"]
[Date "2000.07.31"]
[Round "1.14"]
[White "Wohl, Aleksandar"]
[Black "Collins, Sam IRL"]
[Result "1-0"]
[WhiteElo "2461"]
[BlackElo "2172"]
[PlyCount "59"]
[EventDate "2000.07.31"]
[EventType "swiss"]
[EventRounds "11"]
[EventCountry "GBR"]
[SourceTitle "BritBase"]
[SourceDate "2008.07.14"]
[SourceVersion "1"]
[SourceVersionDate "2008.07.14"]
[SourceQuality "2"]

1. e4 c5 2. Nf3 e6 3. b3 a6 4. g3 d6 5. Bg2 Nf6 6. Qe2 Be7 7. O-O Nc6 8. Bb2
O-O 9. d3 Nd7 10. Nbd2 Bf6 11. c3 d5 12. d4 cxd4 13. cxd4 dxe4 14. Nxe4 Qb6 15.
Rad1 Nb4 16. Ne5 Be7 17. Nc4 Qc7 18. Ne3 Nb6 19. Nc3 Bf6 20. a3 Nc6 21. Ne4 Be7
22. Qh5 Bd7 23. d5 exd5 24. Rxd5 Rad8 25. Nf6+ Bxf6 26. Bxf6 gxf6 27. Be4 f5
28. Qg5+ Kh8 29. Qf6+ Kg8 30. Ng4 1-0

[Event "GBR-ch87"]
[Site "Millfield"]
[Date "2000.07.31"]
[Round "1.15"]
[White "Snape, Ian"]
[Black "Summerscale, Aaron"]
[Result "0-1"]
[WhiteElo "2170"]
[BlackElo "2459"]
[PlyCount "94"]
[EventDate "2000.07.31"]
[EventType "swiss"]
[EventRounds "11"]
[EventCountry "GBR"]
[SourceTitle "BritBase"]
[SourceDate "2008.07.14"]
[SourceVersion "1"]
[SourceVersionDate "2008.07.14"]
[SourceQuality "2"]

1. c4 b6 2. d4 e6 3. a3 Bb7 4. d5 Be7 5. Nc3 f5 6. g3 Bf6 7. Bd2 a5 8. Bg2 Na6
9. Nh3 Nc5 10. O-O a4 11. e4 Ne7 12. dxe6 dxe6 13. e5 Bxe5 14. Bxb7 Nxb7 15.
Nxa4 O-O 16. Bc3 Qxd1 17. Rfxd1 Bd6 18. b3 Nc6 19. Ng5 Rfe8 20. Nf3 e5 21. Rd5
Nca5 22. Bxa5 Rxa5 23. Nc3 Rxa3 24. Rxa3 Bxa3 25. Rd7 Nc5 26. Rxc7 Nxb3 27. Nd5
Bc5 28. Nh4 Rf8 29. Ne7+ Kh8 30. Nhxf5 Nd2 31. Ne3 Ne4 32. N7d5 Nxf2 33. Kg2
Ne4 34. Ng4 h5 35. Nxe5 Rf2+ 36. Kh3 Kh7 37. Nd7 Ng5+ 38. Kh4 Ne6 39. Kxh5 Nxc7
40. Nxc7 Rxh2+ 41. Kg4 Rc2 42. Kf5 Rxc4 43. g4 Rd4 44. Nxc5 bxc5 45. g5 c4 46.
g6+ Kh6 47. Ne6 Rd1 0-1

[Event "GBR-ch87"]
[Site "Millfield"]
[Date "2000.07.31"]
[Round "1.16"]
[White "Pert, Nicholas"]
[Black "Waters, Clive"]
[Result "1-0"]
[WhiteElo "2455"]
[BlackElo "2170"]
[PlyCount "93"]
[EventDate "2000.07.31"]
[EventType "swiss"]
[EventRounds "11"]
[EventCountry "GBR"]
[SourceTitle "BritBase"]
[SourceDate "2008.07.14"]
[SourceVersion "1"]
[SourceVersionDate "2008.07.14"]
[SourceQuality "2"]

1. d4 e6 2. e4 d5 3. Nd2 dxe4 4. Nxe4 Bd7 5. Bd3 Bc6 6. Nf3 Nd7 7. O-O Ngf6 8.
Ng3 Bxf3 9. Qxf3 c6 10. Re1 Be7 11. c3 O-O 12. Bd2 Re8 13. Re2 Nf8 14. Ne4 Nxe4
15. Bxe4 Bg5 16. Be3 Ng6 17. g3 Qf6 18. Qh5 Bxe3 19. fxe3 e5 20. d5 cxd5 21.
Bxd5 Re7 22. e4 Nf8 23. Rf2 Qg6 24. Qxg6 Nxg6 25. Raf1 Nh8 26. c4 Kf8 27. Rf3
Rc8 28. h4 f6 29. b4 Nf7 30. c5 Nd8 31. g4 Nc6 32. g5 Nd4 33. R3f2 Ke8 34. gxf6
gxf6 35. Rxf6 Ne2+ 36. Kg2 Nf4+ 37. Kf3 Rg7 38. Rf5 Kd7 39. Rd1 Kc7 40. Rxe5
Ng6 41. Rh5 Rf8+ 42. Ke3 Nf4 43. Rg5 Rxg5 44. hxg5 Nh3 45. g6 hxg6 46. Rh1 Ng5
47. Rg1 1-0

[Event "GBR-ch87"]
[Site "Millfield"]
[Date "2000.07.31"]
[Round "1.17"]
[White "Frost, Nicholas"]
[Black "Hunt, Harriet"]
[Result "0-1"]
[WhiteElo "2164"]
[BlackElo "2454"]
[PlyCount "84"]
[EventDate "2000.07.31"]
[EventType "swiss"]
[EventRounds "11"]
[EventCountry "GBR"]
[SourceTitle "BritBase"]
[SourceDate "2008.07.14"]
[SourceVersion "1"]
[SourceVersionDate "2008.07.14"]
[SourceQuality "2"]

1. e4 c5 2. Nf3 d6 3. Bb5+ Nd7 4. O-O Ngf6 5. Re1 e5 6. c3 a6 7. Bxd7+ Bxd7 8.
d4 Qc7 9. Bg5 Be7 10. Nbd2 Be6 11. Bh4 O-O 12. h3 Rad8 13. dxe5 dxe5 14. Bg3
Nd7 15. c4 f6 16. Qc2 Nb8 17. Nh2 Nc6 18. a3 Qa5 19. Nb3 Qa4 20. Rac1 Rc8 21.
Nf1 b5 22. Ne3 bxc4 23. Nxc4 Rb8 24. Nbd2 Qxc2 25. Rxc2 g5 26. f3 Rfd8 27. Bf2
Rd7 28. Be3 Rd3 29. Kf2 Nd4 30. Rcc1 h5 31. Rc3 Bxc4 32. Nxc4 Rxb2+ 33. Nxb2
Rxc3 34. Rc1 Rxa3 35. Nc4 Ra2+ 36. Kf1 a5 37. Nb6 Kf7 38. Nd7 Nc2 39. Bxc5 Bxc5
40. Nxc5 Ne3+ 41. Kg1 Rxg2+ 42. Kh1 Rg3 0-1

[Event "GBR-ch87"]
[Site "Millfield"]
[Date "2000.07.31"]
[Round "1.18"]
[White "Crouch, Colin"]
[Black "D'Costa, Lorin"]
[Result "1-0"]
[WhiteElo "2448"]
[BlackElo "2157"]
[PlyCount "105"]
[EventDate "2000.07.31"]
[EventType "swiss"]
[EventRounds "11"]
[EventCountry "GBR"]
[SourceTitle "BritBase"]
[SourceDate "2008.07.14"]
[SourceVersion "1"]
[SourceVersionDate "2008.07.14"]
[SourceQuality "2"]

1. d4 Nf6 2. c4 e6 3. Nf3 b6 4. Nc3 Bb4 5. Bg5 h6 6. Bh4 g5 7. Bg3 Ne4 8. Qd3
Bb7 9. Nd2 Bxc3 10. bxc3 Nxg3 11. Qxg3 d6 12. h4 Rg8 13. hxg5 hxg5 14. e4 Nd7
15. Rb1 Nf6 16. Bd3 Qe7 17. Rb5 Nd7 18. f4 c5 19. Nf3 f6 20. fxg5 fxg5 21. e5
dxe5 22. Nxe5 O-O-O 23. Be2 Nxe5 24. Qxe5 Bxg2 25. Rh6 Bc6 26. Bg4 Bxb5 27.
Rxe6 Qd7 28. Re7 Rde8 29. Bxd7+ Bxd7 30. Kf2 Rxe7 31. Qxe7 cxd4 32. cxd4 g4 33.
Qe4 Kc7 34. Qe5+ Kc8 35. c5 Re8 36. Qd5 Kc7 37. Qd6+ Kc8 38. cxb6 axb6 39. Qxb6
Re6 40. Qc5+ Rc6 41. Qf8+ Kc7 42. Qf4+ Kc8 43. Qe4 Ra6 44. Qd5 Ra4 45. Qc5+ Kd8
46. a3 Ra6 47. Kg3 Rc6 48. Qb4 Ra6 49. d5 Ke8 50. d6 Ra4 51. Qb3 Kf8 52. Qe3
Kg8 53. Qg5+ 1-0

[Event "GBR-ch87"]
[Site "Millfield"]
[Date "2000.07.31"]
[Round "1.19"]
[White "Binks, Michael E"]
[Black "Kelly, Brian"]
[Result "0-1"]
[WhiteElo "2155"]
[BlackElo "2426"]
[PlyCount "67"]
[EventDate "2000.07.31"]
[EventType "swiss"]
[EventRounds "11"]
[EventCountry "GBR"]
[SourceTitle "BritBase"]
[SourceDate "2008.07.14"]
[SourceVersion "1"]
[SourceVersionDate "2008.07.14"]
[SourceQuality "2"]

1. e4 c5 2. Nc3 Nc6 3. g3 g6 4. Bg2 Bg7 5. d3 e6 6. Be3 d6 7. Qd2 Qa5 8. Nge2
Nd4 9. Nc1 Ne7 10. O-O Bd7 11. f4 O-O 12. f5 exf5 13. Nd5 Qd8 14. c3 Ndc6 15.
Nxe7+ Qxe7 16. Bg5 f6 17. Bf4 Rae8 18. Qc2 Kh8 19. Nb3 fxe4 20. dxe4 Ne5 21.
Rad1 Ba4 22. Qe2 a6 23. Bxe5 Qxe5 24. Qd3 Rd8 25. Qd5 Qe7 26. Rde1 Bh6 27. Na5
Qc7 28. Nc4 Bc6 29. Qd3 b5 30. Ne3 Bxe3+ 31. Rxe3 Kg7 32. Qd2 Qf7 33. Rd3 Qe6
34. Rxd6 0-1

[Event "GBR-ch87"]
[Site "Millfield"]
[Date "2000.07.31"]
[Round "1.20"]
[White "Webster, Andrew"]
[Black "Spence, David J"]
[Result "1-0"]
[WhiteElo "2417"]
[BlackElo "2153"]
[PlyCount "80"]
[EventDate "2000.07.31"]
[EventType "swiss"]
[EventRounds "11"]
[EventCountry "GBR"]
[SourceTitle "BritBase"]
[SourceDate "2008.07.14"]
[SourceVersion "1"]
[SourceVersionDate "2008.07.14"]
[SourceQuality "2"]

1. c4 e5 2. g3 Nc6 3. Bg2 Nf6 4. Nc3 Bb4 5. Nd5 Be7 6. e3 O-O 7. Ne2 d6 8. a3
a5 9. Rb1 Nb8 10. O-O Nbd7 11. b4 axb4 12. axb4 Re8 13. Bb2 Bf8 14. Ra1 Rxa1
15. Qxa1 c6 16. Nxf6+ Nxf6 17. f4 Bg4 18. Nc1 Bc8 19. Nb3 exf4 20. Bxf6 Qxf6
21. Qxf6 gxf6 22. Rxf4 Be6 23. Na5 Rb8 24. Rxf6 Be7 25. Rf1 Bd8 26. Rb1 Bf5 27.
Rb2 Bf6 28. d4 Bg5 29. Kf2 Re8 30. Rb3 Bc8 31. b5 cxb5 32. cxb5 b6 33. Nc4 Be6
34. d5 Rc8 35. Nxb6 Rc2+ 36. Kf3 Bf5 37. e4 Bg6 38. Nd7 h5 39. b6 Rc4 40. Ke2
Bxe4 1-0

[Event "GBR-ch87"]
[Site "Millfield"]
[Date "2000.07.31"]
[Round "1.21"]
[White "Tan, Desmond"]
[Black "Crawley, Gavin"]
[Result "1/2-1/2"]
[WhiteElo "2203"]
[BlackElo "2401"]
[PlyCount "82"]
[EventDate "2000.07.31"]
[EventType "swiss"]
[EventRounds "11"]
[EventCountry "GBR"]
[SourceTitle "BritBase"]
[SourceDate "2008.07.14"]
[SourceVersion "1"]
[SourceVersionDate "2008.07.14"]
[SourceQuality "2"]

1. e4 e6 2. d4 d5 3. Nc3 Nc6 4. Nf3 Nf6 5. Bg5 Be7 6. exd5 exd5 7. Be2 h6 8.
Bh4 Be6 9. Ne5 O-O 10. O-O Ne8 11. Bxe7 Qxe7 12. Nxc6 bxc6 13. Na4 Nd6 14. Bd3
Qf6 15. Nc5 Rfe8 16. Re1 Bf5 17. Bxf5 Rxe1+ 18. Qxe1 Qxf5 19. Nd3 Re8 20. Qf1
Re4 21. c3 Nc4 22. b3 Nd6 23. a4 Re6 24. Nc5 Rg6 25. Re1 Ne4 26. Nxe4 dxe4 27.
Re3 Qd5 28. Qc4 f5 29. f3 Kh7 30. fxe4 fxe4 31. Qxd5 cxd5 32. c4 c6 33. cxd5
cxd5 34. Rc3 Rf6 35. b4 Kg6 36. b5 Kf7 37. a5 h5 38. g3 g5 39. Kg2 g4 40. Rc1
Ke7 41. Rf1 Rxf1 1/2-1/2

[Event "GBR-ch87"]
[Site "Millfield"]
[Date "2000.07.31"]
[Round "1.22"]
[White "Knott, Simon"]
[Black "Barton, R Alan"]
[Result "1-0"]
[WhiteElo "2381"]
[BlackElo "2145"]
[PlyCount "105"]
[EventDate "2000.07.31"]
[EventType "swiss"]
[EventRounds "11"]
[EventCountry "GBR"]
[SourceTitle "BritBase"]
[SourceDate "2008.07.14"]
[SourceVersion "1"]
[SourceVersionDate "2008.07.14"]
[SourceQuality "2"]

1. c4 b6 2. Nc3 e6 3. e4 Bb7 4. Nf3 Bb4 5. Qb3 Na6 6. Be2 Ne7 7. O-O O-O 8. d3
d5 9. exd5 exd5 10. d4 Bxc3 11. bxc3 c5 12. cxd5 cxd4 13. c4 Nc5 14. Qd1 d3 15.
Bxd3 Nxd3 16. Qxd3 b5 17. d6 bxc4 18. Qb1 Rb8 19. dxe7 Qxe7 20. Qf5 Rfe8 21.
Bf4 Bxf3 22. Bxb8 Be2 23. Bf4 Bxf1 24. Rxf1 g6 25. Qc2 Qb4 26. Bd2 Re2 27. Bxb4
Rxc2 28. a3 Ra2 29. Rc1 a5 30. Be7 f5 31. g3 Kf7 32. Bc5 Ke6 33. Rxc4 Kd5 34.
Rc3 f4 35. gxf4 Ke4 36. Bd6 Kd5 37. Bc7 a4 38. Kg2 Re2 39. Kf3 Re6 40. h4 h5
41. Be5 Rb6 42. Ke3 Rb1 43. Bf6 Re1+ 44. Kd2 Rf1 45. Ke2 Rb1 46. Rd3+ Ke6 47.
Be5 Rb6 48. Rd4 Ra6 49. Kf3 Ke7 50. Ke4 Ke6 51. f3 Ke7 52. f5 gxf5+ 53. Kxf5
1-0

[Event "GBR-ch87"]
[Site "Millfield"]
[Date "2000.07.31"]
[Round "1.23"]
[White "Buckley, Melanie"]
[Black "Williams, Simon K"]
[Result "0-1"]
[WhiteElo "2124"]
[BlackElo "2353"]
[PlyCount "74"]
[EventDate "2000.07.31"]
[EventType "swiss"]
[EventRounds "11"]
[EventCountry "GBR"]
[SourceTitle "BritBase"]
[SourceDate "2008.07.14"]
[SourceVersion "1"]
[SourceVersionDate "2008.07.14"]
[SourceQuality "2"]

1. e4 e6 2. d3 c5 3. g3 Nc6 4. Bg2 g6 5. f4 Bg7 6. Nf3 Nge7 7. c3 d5 8. Qe2 O-O
9. O-O b5 10. Na3 b4 11. cxb4 Nxb4 12. Nc2 dxe4 13. Nxb4 exf3 14. Bxf3 cxb4 15.
Bxa8 Nd5 16. Bxd5 Qxd5 17. Be3 Bb7 18. Kf2 Bxb2 19. Rac1 Qg2+ 20. Ke1 Bxc1 21.
Bxc1 Rc8 22. Bd2 Qxe2+ 23. Kxe2 Rc2 24. Ra1 a5 25. Kd1 Rc5 26. Be3 Rc3 27. Ke2
Rc2+ 28. Bd2 Bf3+ 29. Ke3 Bd5 30. d4 f5 31. h3 Kf7 32. g4 Ke7 33. gxf5 exf5 34.
h4 Ke6 35. h5 gxh5 36. Kd3 Be4+ 37. Ke3 h4 0-1

[Event "GBR-ch87"]
[Site "Millfield"]
[Date "2000.07.31"]
[Round "1.24"]
[White "Buckley, Graeme"]
[Black "Hebbes, Tim"]
[Result "1-0"]
[WhiteElo "2351"]
[BlackElo "2121"]
[PlyCount "61"]
[EventDate "2000.07.31"]
[EventType "swiss"]
[EventRounds "11"]
[EventCountry "GBR"]
[SourceTitle "BritBase"]
[SourceDate "2008.07.14"]
[SourceVersion "1"]
[SourceVersionDate "2008.07.14"]
[SourceQuality "2"]

1. d4 Nf6 2. c4 c5 3. d5 b5 4. cxb5 a6 5. bxa6 g6 6. g3 Bxa6 7. Bg2 d6 8. Nf3
Nbd7 9. Nc3 Bg7 10. O-O O-O 11. Qc2 Nb6 12. Rd1 Ra7 13. e4 Ng4 14. b3 f5 15.
Bb2 f4 16. Ne2 fxg3 17. hxg3 Bh6 18. Qc3 Bxe2 19. Qh8+ Kf7 20. Qxh7+ Ke8 21.
Qxg6+ Rf7 22. Re1 Bxf3 23. Bxf3 Nf6 24. Qxh6 Rh7 25. Qg6+ Kf8 26. Bc1 e5 27.
dxe6 Ng8 28. Bb2 Qe7 29. Qf5+ Ke8 30. Bh5+ Kd8 31. Bf7 1-0

[Event "GBR-ch87"]
[Site "Millfield"]
[Date "2000.07.31"]
[Round "1.25"]
[White "McDonnell, James"]
[Black "Simutowe, Amon"]
[Result "0-1"]
[WhiteElo "2050"]
[BlackElo "2322"]
[PlyCount "32"]
[EventDate "2000.07.31"]
[EventType "swiss"]
[EventRounds "11"]
[EventCountry "GBR"]
[SourceTitle "BritBase"]
[SourceDate "2008.07.14"]
[SourceVersion "1"]
[SourceVersionDate "2008.07.14"]
[SourceQuality "2"]

1. e4 c5 2. Nf3 Nc6 3. d4 cxd4 4. Nxd4 Nf6 5. Nc3 d6 6. Be3 Ng4 7. Bg5 Qb6 8.
Nce2 e5 9. f3 exd4 10. fxg4 Bxg4 11. b3 h6 12. Bc1 Be7 13. Bb2 Bh4+ 14. Kd2
Bg5+ 15. Ke1 Qa5+ 16. Kf2 Be3+ 0-1

[Event "GBR-ch87"]
[Site "Millfield"]
[Date "2000.07.31"]
[Round "1.26"]
[White "Aarthie, Ramaswamy"]
[Black "Freeman, Gordon"]
[Result "1-0"]
[WhiteElo "2319"]
[BlackElo "2047"]
[PlyCount "65"]
[EventDate "2000.07.31"]
[EventType "swiss"]
[EventRounds "11"]
[EventCountry "GBR"]
[SourceTitle "BritBase"]
[SourceDate "2008.07.14"]
[SourceVersion "1"]
[SourceVersionDate "2008.07.14"]
[SourceQuality "2"]

1. e4 c5 2. Nf3 e6 3. d4 cxd4 4. Nxd4 Nc6 5. Nc3 Qc7 6. Be2 a6 7. O-O Nf6 8.
Be3 Bb4 9. Nxc6 bxc6 10. Na4 O-O 11. Nb6 Rb8 12. Nxc8 Rfxc8 13. Bxa6 Rd8 14.
Bd3 Bd6 15. f4 e5 16. f5 Rxb2 17. g4 Qa5 18. g5 Bc5 19. Bxc5 Qxc5+ 20. Kh1 Ne8
21. Qh5 Qe7 22. a4 d5 23. f6 Qf8 24. exd5 g6 25. Qe2 Rxd5 26. Bc4 Rc5 27. Bb3
Nc7 28. Rad1 Ne6 29. Bxe6 Rcxc2 30. Qxe5 Re2 31. Bxf7+ Kh8 32. Qc7 c5 33. Bc4
1-0

[Event "GBR-ch87"]
[Site "Millfield"]
[Date "2000.07.31"]
[Round "1.27"]
[White "Evans-Quek, Debbie"]
[Black "Obiamiwe, Paul"]
[Result "0-1"]
[WhiteElo "2046"]
[BlackElo "2065"]
[PlyCount "56"]
[EventDate "2000.07.31"]
[EventType "swiss"]
[EventRounds "11"]
[EventCountry "GBR"]
[SourceTitle "BritBase"]
[SourceDate "2008.07.14"]
[SourceVersion "1"]
[SourceVersionDate "2008.07.14"]
[SourceQuality "2"]

1. e4 c5 2. Nf3 d6 3. d4 cxd4 4. Nxd4 Nf6 5. Nc3 a6 6. Be2 e5 7. Nf3 Be7 8. O-O
O-O 9. Re1 Qc7 10. h3 b5 11. a3 Bb7 12. Bf1 Nbd7 13. Bg5 Rac8 14. Rc1 Nb6 15.
Nd2 h6 16. Be3 d5 17. Bxb6 Qxb6 18. exd5 Bxa3 19. bxa3 Rxc3 20. Rxe5 Bxd5 21.
Nb1 Rc5 22. Qd4 Qc7 23. c4 Rc8 24. Nd2 bxc4 25. Rc3 Rc6 26. Be2 Be6 27. Ne4 Rd8
28. Qe3 Qxe5 0-1

[Event "GBR-ch87"]
[Site "Millfield"]
[Date "2000.07.31"]
[Round "1.28"]
[White "Koneru, Humpy"]
[Black "Orton, Stephen"]
[Result "1-0"]
[WhiteElo "2286"]
[BlackElo "2045"]
[PlyCount "71"]
[EventDate "2000.07.31"]
[EventType "swiss"]
[EventRounds "11"]
[EventCountry "GBR"]
[SourceTitle "BritBase"]
[SourceDate "2008.07.14"]
[SourceVersion "1"]
[SourceVersionDate "2008.07.14"]
[SourceQuality "2"]

1. Nf3 Nf6 2. g3 g6 3. Bg2 Bg7 4. O-O O-O 5. d4 d6 6. b3 c5 7. c4 Nc6 8. Bb2
Ne4 9. Nbd2 f5 10. Rb1 Qa5 11. dxc5 Bxb2 12. Rxb2 Nc3 13. Qe1 Qa3 14. Rc2 Nxa2
15. Qa1 Ncb4 16. Rb2 dxc5 17. Nb1 Qa6 18. Rd1 Be6 19. Rbd2 Rae8 20. Ne5 Qa5 21.
Nc3 Rd8 22. Nxa2 Nxa2 23. Nd3 Qc7 24. Qxa2 a6 25. Qa3 Rc8 26. Nf4 Bf7 27. Rd7
Rfd8 28. Rxd8+ Rxd8 29. Rxd8+ Qxd8 30. Nd3 b5 31. Qxc5 bxc4 32. bxc4 a5 33. Qb5
Qc7 34. c5 e5 35. c6 e4 36. Qb7 1-0